000 00556 a2200181 4500
003 Nust
005 20221228152445.0
020 _a033336418X
040 _cNust
082 _a621.388,THO
100 _aThorn Emi
_9103828
245 _aDigital Displays and Applications /
_cThorn Emi
260 _aLondon
_bMacMillan
_c1984
300 _a168p
505 _aDecoders And Encoder (Page-1),Memories (Page-29),Text Display (Page-65),Text Data Acquisition (Page-97),The View Data Systems (Page-137).
650 _aDigital Dispalys
_9106252
942 _2ddc
_cBK
999 _c183240
_d183240